000 01016nam a22003377a 4500
001 0009044
003 KOHA_MİRAKIL
005 20260207001656.0
007 ta
008 091120b2007 tu |||gr||||#||||0|tur |
020 _a9789944122047
_c9,1
040 _aTR-BiSEU
_btur
_cTR-BiSEU
_erda
041 0 _atur
044 _ctu
050 _aHC98
_b.K69 2007
100 1 _a Köymen, Oya.
245 1 _aSermaye birikirken :
_bOsmanlı, Türkiye, dünya/
_cOya Köymen ; Oya Köymen.
264 1 _aİstanbul :
_bYordam Kitap
_c2007
300 _a 264 sayfa: tablo
336 _ametin
_btxt
_2rdacontent
337 _aaracısız
_bn
_2rdamedia
338 _acilt
_bnc
_2rdacarrier
490 1 _aYordam Kitap ;
_v16
500 _aKaynakça ve dizin var.
650 0 _aSermaye--Türkiye--Tarih.
_922574
650 0 _aTürkiye--Ekonomik durum.
_98444
650 0 _aTürkiye--Tarih 1299-1918.
_98179
650 0 _aTürkiye--Ekonomik politika.
_98443
830 1 _aYordam Kitap ;
_v16
_918500
942 _2lcc
_cBK
999 _c9016
_d9016